"Cold Water" - Major Lazer, Justin Bieber, MØ Lyrics - Statistics

General Stats
  • This quiz has been taken 679 times
  • The average score is 15 of 21
Answer Stats
Lyrics Answer % Correct
What else can we do when we're feeling ….? low
97%
So take a ….. …….. and let it go deep breath
95%
Everybody gets ….. sometimes, you know high
95%
And if you feel you're …….. sinking
94%
I will jump right over into ….. ……… for you cold water
92%
I won't …. ... let go
89%
And although ….. may take us into different places time
89%
And I hope you ….. know
88%
You shouldn't be …….. on your own drowning
83%
It's how we …... and how we grow learn
76%
I'll be your ……….. tonight lifeline
76%
I will still be …….. with you patient
76%
You shouldn't be ……… on your own fighting
65%
'Cause we all get ….. sometimes, you know lost
61%
Someone's gonna take me …. home
57%
I ….. to know need
55%
And I wanna … with you 'til I'm old lay
53%
Somewhere I can rest my …. soul
52%
I'm all ……., and I hope, I hope alone
51%
Come on, come on, save me from my ……… ….. rocking boat
48%
I just wanna stay …….. afloat
43%
No matching quizzes found
Score Distribution
Percent of People with Each Score
Percentile by Number Answered
Your Score History
You have not taken this quiz